Welcome to the Holygrace Academy Library

Please use search bar below to get started

OXFORD A-Z OF ENGLISH USAGE (Record no. 1749)

MARC details
000 -LEADER
fixed length control field 00350nam a22001457a 4500
020 ## - INTERNATIONAL STANDARD BOOK NUMBER
ISBN 978-0-19-806464-0
082 ## - DEWEY DECIMAL CLASSIFICATION NUMBER
Classification number 030
Item number BUT/O
100 ## - MAIN ENTRY--AUTHOR NAME
Personal name BUTTERFIELD, JEREMY
245 ## - TITLE STATEMENT
Title OXFORD A-Z OF ENGLISH USAGE
250 ## - EDITION STATEMENT
Edition statement FIRST EDITION
260 ## - PUBLICATION, DISTRIBUTION, ETC. (IMPRINT)
Place of publication DELHI
Name of publisher OXFORD UNIVERSITY PRESS
Year of publication 2010
300 ## - PHYSICAL DESCRIPTION
Number of Pages 172
650 ## - SUBJECT ADDED ENTRY--TOPICAL TERM
Topical Term DICTIONARY
Geographic subdivision INDIA
942 ## - ADDED ENTRY ELEMENTS (KOHA)
Koha item type Books
Holdings
Withdrawn status Lost status Collection code Home library Current library Shelving location Date acquired Source of acquisition Full call number Accession Number Koha item type
    Reference Main Library Main Library SHELF 1-A DICTIONARIES 04/12/2013 purchase 030 BUT/O 07492 Books
    Reference Main Library Main Library SHELF 1-A DICTIONARIES 30/04/2013 purchase 030 BUT/O 07479 Books